Σχήμα Χωρών Κουίζ #5 - Statistics

General Stats
  • This quiz has been taken 12 times
  • The average score is 6 of 16
Answer Stats
Picture Answer % Correct
Μαρόκο
82%
Ιρλανδία
64%
Ολλανδία
55%
Μιανμάρ
55%
Παπούα Νέα Γουινέα
45%
Ιορδανία
45%
Μπαχάμες
45%
Πακιστάν
45%
Φινλανδία
36%
Υεμένη
36%
Νότια Κορέα
27%
Τυνησία
27%
Εσθονία
27%
Ισημερινός
18%
Σερβία
18%
Κατάρ
18%
No matching quizzes found
Score Distribution
Percent of People with Each Score
Percentile by Number Answered
Your Score History
You have not taken this quiz